00874nam a2200265Ia 450000100060000000300090000600800410001504000130005604000130006904100130008210000200009510000290011524501210014424500440026525000110030926000110032026000260033126000490035730000570040650000420046365000240050565000310052970000200056070000280058012844IT-RoPAU130308s9999 xx 000 0 und d aIT-RoPAU cIT-RoPAU aITALIANO aAncona Leonardo gCodice Aut. SPICS: 9913 aAnalisi delle relazioni dinamiche fra effetto catartico ed effetto frustrante di uno stimolo cinematografico emotivo bPsicologia delle comunicazioni di Massa a1a ed. aITALIA bUniversita' Di Padova c1974 [1° Ed.:1974 - Ed.Ling.Originale:1965] a"17 p. (prefazione: no ; testo: 17 [pagine: 37-53])" aMetodologia della Ricerca e Risultati aSAGGI DI PSICOLOGIA eCodice materia Spics: 3607 aFontanesi Mario gCodice Aut. SPICS: 6539